000 00330 a2200109 4500
001 ART_2351
005 20260410161725.0
008 260409a
245 1 0 _aFormularios, otros impresos, envases
100 1 _aRaimondi, Carlos A.
773 0 _tAdministración de empresas
_g- Año 7, Nº 83 (feb. 1977)
_wREV2036
999 _c17320
_d17320